Blue Jays 2022-23 Roster Quiz - Statistics

General Stats
  • This quiz has been taken 71 times
  • The average score is 17 of 40
Answer Stats
Position Answer % Correct
SS Bo Bichette
86%
C Alejandro Kirk
76%
OF George Springer
74%
SP Kevin Gausman
74%
C Danny Jansen
70%
SP José Berríos
70%
CP Jordan Romano
68%
3B` Matt Chapman
68%
SP Alek Manoah
66%
UTIL Cavan Biggio
64%
OF Daulton Varsho
64%
RP Anthony Bass
62%
1B/DH Brandon Belt
60%
RP Erik Swanson
54%
SP Hyun Jin Ryu
52%
SP Yusei Kikuchi
52%
SP Chris Bassitt
50%
2B Santiago Espinal
48%
RP Yimi García
48%
RP Tim Mayza
44%
2B/3B David Schneider
40%
UTIL Ernie Clement
40%
RP Jordan Hicks
38%
RP Chad Green
34%
UTIL Whit Merrifield
34%
RP Bowden Francis
32%
RP Génesis Cabrera
32%
RP Trevor RIchards
32%
RP Adam Cimber
28%
RP Nate Pearson
28%
C Tyler Heineman
28%
RP Zach Pop
28%
RP Mitch White
22%
OF/PR Nathan Lukes
18%
SS Paul Dejong
18%
RP Jay Jackson
12%
1B/DH Valdimir Gurerro Jr.
10%
RP Thomas Hatch
8%
RP Trent Thorton
8%
OF/PH Jordan Luplow
6%
No matching quizzes found
Score Distribution
Percent of People with Each Score
Percentile by Number Answered
Your Score History
You have not taken this quiz